000
00345 a2200157 4500
001
155705
040
_c
Escola São Tomás de Aquino
100
_a
CLARET, Martin
240
1
0
_a
A essência da vida
_l
por
245
1
0
_a
A essência da vida
300
_a
128
362
0
_a
1997
440
1
_a
Martin Claret
697
_a
Filosofia
942
_c
BK
999
_c
155705
_d
155705